00491nam a2200133Ia 4500008004100000082001900041100003100060245008400091260003400175300000900209942001200218999001900230952010800249210430s9999 xx 000 0 und d a620.11 B9271 E aKenneth G. Budinski954132 aEngineering Materials Properties and Selection 9th editioncKenneth G. Budinski aNew DelhibPHl Learningc2010 a774p cBK2ddc c564604d564604 001040708NFICaSCMEbSCMEcGENd0000-00-00l0o620.11 B9271 EpSCME-3823r2022-02-01w2021-04-30yBK